000 01048nmm a22002777a 4500
005 20140422020003.0
008 131126b2011 ck ||||| |||| 00| 0 spa d
041 _aspa
044 _ack
090 _aLB
_b05780
110 _aMinisterio de Ambiente, Vivienda y desarrollo territoorial
_922986
245 _aSombra para la tierra :
_bProyecto capacidad técnica para apoyar REDD en Colombia
260 _aBogotá
_bIDEAM
_bGordon and betty MOORE fundation
_bFundación NATURA Colombia
_c2011
300 _a3 cd.
_c13 cm
650 _areservas
_vForestal
_zColombia
_922987
650 _aCarbono
_vColombia
_zColombia
_922988
650 _aMadera muerta :
_vBosques naturales
_zColombia
_922989
650 _a Bosques
_922990
650 _aProtocolo
_922991
650 _aCuantificación
_vDeforestación
_zColombia
_922992
650 _aProcesamiento digital
_vImágenes
_xForestación
_922993
710 _aIDEAM
_91570
710 _aGORDON AND BETTY MOORE FOUNDATION
_92984
710 _aFundación NATURA Colombia
_92985
942 _2z
_cCD-ROM
_03
999 _c7920
_d7920